The blackboard and the bottom line (Record no. 58204)
[ view plain ]
| 000 -LEADER | |
|---|---|
| fixed length control field | 01260nam a2200313Ia 4500 |
| 100 1# - MAIN ENTRY--AUTHOR NAME | |
| Personal name | Cuban, Larry. |
| 245 14 - TITLE STATEMENT | |
| Title | The blackboard and the bottom line |
| 260 ## - PUBLICATION, DISTRIBUTION, ETC. (IMPRINT) | |
| Place of publication | Cambridge, MA : |
| Name of publisher | Harvard University Press, |
| Year of publication | 2004. |
| 300 ## - PHYSICAL DESCRIPTION | |
| Number of Pages | 253 p. |
| 650 #0 - SUBJECT ADDED ENTRY--TOPICAL TERM | |
| Topical Term | Business and education |
| Topical Term | Public schools |
| Topical Term | Educational change |
| 856 40 - ELECTRONIC LOCATION AND ACCESS | |
| Uniform Resource Identifier | http://site.ebrary.com/lib/rucke/Doc?id=10314294 |
No items available.
